000 00953nam0a22002651 4500
001 rc\3057684
005 20250806202515.0
035 _a(NLR Aleph) 007196684
090 _a50586
_c50586
100 _a20111013d1941 u y0rusy50 ca
101 0 _arus
102 _aRU
105 _aa z |||||
200 1 _aТипографские валики
_fМ.М. Нуркас, канд. тех. наук
_gН.-и. ин-т полигр. и изд. техники ОГИЗ'а РСФСР
210 _aМосква
_aЛенинград
_cГизлегпром
_d1941
_eСерпухов
215 _a88 с.
_cил., черт.
_d22 см
320 _aБиблиогр.: с. 87-8
700 1 _aНуркас
_bМ.М.
_gМихаил Михайлович
801 0 _aRU
_bNLR
_gpsbo
801 1 _aRU
_bELAR
_2rusmarc
852 _aNLR
_jТ70 Г-6/1
942 _cBOOK
945 _aРоссийская национальная библиотека
980 _aNB
980 _aBV